MARC details
| 000 -LEADER |
| campo de control de longitud fija |
03338nam a2200337 i 4500 |
| 001 - NÚMERO DE CONTROL |
| campo de control |
990016883340204201 |
| 003 - IDENTIFICADOR DE NÚMERO DE CONTROL |
| campo de control |
BJBSDDR |
| 005 - FECHA Y HORA DE LA ÚLTIMA TRANSACCIÓN |
| campo de control |
20240124151849.0 |
| 007 - CAMPO FIJO DE DESCRIPCIÓN FÍSICA--INFORMACIÓN GENERAL |
| campo de control de longitud fija |
ta |
| 008 - DATOS DE LONGITUD FIJA--INFORMACIÓN GENERAL |
| campo de control de longitud fija |
151201s2015 xxu 000 0 eng d |
| 020 ## - NÚMERO INTERNACIONAL ESTÁNDAR DEL LIBRO |
| Número Internacional Estándar del Libro |
9781620402122 |
| 035 ## - NÚMERO DE CONTROL DEL SISTEMA |
| Número de control de sistema |
CSIC001688334 |
| 035 ## - NÚMERO DE CONTROL DEL SISTEMA |
| Número de control de sistema |
(ES-MaCSI)001688334MAD01-Aleph |
| 035 ## - NÚMERO DE CONTROL DEL SISTEMA |
| Número de control de sistema |
(OCoLC)1124054893 |
| 040 ## - FUENTE DE CATALOGACIÓN |
| Centro catalogador/agencia de origen |
ES-MaCSI |
| Lengua de catalogación |
spa |
| Centro/agencia transcriptor |
BJBSDDR |
| 041 ## - CÓDIGO DE IDIOMA |
| Código de lengua del texto/banda sonora o título independiente |
eng |
| 050 14 - SIGNATURA TOPOGRÁFICA DE LA BIBLIOTECA DEL CONGRESO |
| Número de clasificación |
UF 505 |
| Número de ítem |
P937h 2015 |
| 080 ## - NÚMERO DE LA CLASIFICACIÓN DECIMAL UNIVERSAL |
| Número de la Clasificación Decimal Universal |
94(100)"1914/18" |
| 100 1# - ENTRADA PRINCIPAL--NOMBRE DE PERSONA |
| Nombre de persona |
Preston, Diana, |
| Fechas asociadas al nombre |
1952- |
| 9 (RLIN) |
32702 |
| 245 12 - MENCIÓN DEL TÍTULO |
| Título |
A higher form of killing : |
| Resto del título |
six weeks in World War I that forever changed the nature of warfare / |
| Mención de responsabilidad, etc. |
Diana Preston. |
| 260 ## - PUBLICACIÓN, DISTRIBUCIÓN, ETC. |
| Lugar de publicación, distribución, etc. |
New York : |
| Nombre del editor, distribuidor, etc. |
Bloomsbury Press, |
| Fecha de publicación, distribución, etc. |
2015. |
| 300 ## - DESCRIPCIÓN FÍSICA |
| Extensión |
340 pages, 16 unnumbered pages of plates : |
| Otras características físicas |
illustrations, maps, portraits ; |
| Dimensiones |
25 cm. |
| 504 ## - NOTA DE BIBLIOGRAFÍA, ETC. |
| Nota de bibliografía, etc. |
Includes bibliographical references (pages 315-324) and index. |
| 505 ## - NOTA DE CONTENIDO CON FORMATO |
| Nota de contenido con formato |
'A Flash Of Lightening From The North' -- 'Humanising War' -- 'The Law Of Facts' -- 'A Scrap of Paper' -- 'The Worst Of Contrabands' -- 'England Will Burn' -- 'A Most Effective Weapon' -- 'Something That Puts People Permanently Out Of Action' -- Operation Disinfection -- 'This Filty Loathsome Pestilence' -- Solomon's Temple -- 'They Got Us This Time Alright' -- 'Wilful Murder' -- 'Too Proud To Fight' -- 'The Very Earth Shook' -- 'Order, Counter-Order, Disorder!' -- 'A Gift of Love' -- 'Do You Know Anything About Gas?' -- 'Zepp And A Portion Of Clouds' -- 'Remember The Lusitania' -- 'Each One Must Fight On To The End' -- 'Weapons Of Mass Destruction'. |
| 520 ## - RESUMEN, ETC. |
| Sumario, etc. |
"In six weeks during April and May 1915, as World War I escalated, Germany forever altered the way war would be fought. On April 22, at Ypres, German canisters spewed poison gas at French and Canadian soldiers in their trenches; on May 7, the German submarine U-20, without warning, torpedoed the passenger liner Lusitania, killing 1,198 civilians; and on May 31, a German Zeppelin began the first aerial bombardment of London and its inhabitants. Each of these actions violated rules of war carefully agreed at the Hague Conventions of 1898 and 1907. Though Germany's attempts to quickly win the war failed, the psychological damage caused by these attacks far outweighed the casualties. The era of weapons of mass destruction had dawned. While each of these momentous events has been chronicled in histories of the war, celebrated historian Diana Preston links them for the first time, revealing the dramatic stories behind each through the eyes of those who were there, whether making the decisions or experiencing their effect. She places the attacks in the context of the centuries-old debate over what constitutes 'just war,' and shows how, in their aftermath, the other combatants felt the necessity to develop extreme weapons of their own. In our current time of terror, when weapons of mass destruction--imagined or real--are once again vilified, the story of their birth is of great relevance"-- |c Provided by publisher. |
| 650 #4 - PUNTO DE ACCESO ADICIONAL DE MATERIA--TÉRMINO DE MATERIA |
| Término de materia o nombre geográfico como elemento de entrada |
Guerra Mundial I, 1914-1918 |
| 9 (RLIN) |
4926 |
| Subdivisión general |
Operaciones navales |
| -- |
Submarino |
| 650 #4 - PUNTO DE ACCESO ADICIONAL DE MATERIA--TÉRMINO DE MATERIA |
| Término de materia o nombre geográfico como elemento de entrada |
Guerra Mundial I, 1914-1918 |
| 9 (RLIN) |
4926 |
| Subdivisión general |
Guerra química |
| 650 #4 - PUNTO DE ACCESO ADICIONAL DE MATERIA--TÉRMINO DE MATERIA |
| Término de materia o nombre geográfico como elemento de entrada |
Aeronaves |
| 9 (RLIN) |
30699 |
| Subdivisión general |
Historia |
| Subdivisión cronológica |
Siglo XX |
| Subdivisión geográfica |
Alemania |
| 651 #4 - PUNTO DE ACCESO ADICIONAL DE MATERIA--NOMBRE GEOGRÁFICO |
| Nombre geográfico |
Alemania |
| Subdivisión general |
Fuerzas Armadas |
| -- |
Sistemas de armas |
| -- |
Historia |
| 9 (RLIN) |
948 |
| Subdivisión geográfica |
Siglo XX |
| 942 ## - ELEMENTOS DE ENTRADA SECUNDARIOS (KOHA) |
| Fuente del sistema de clasificación o colocación |
Clasificación de Library of Congress |
| Tipo de ítem Koha |
Libro |
| Suprimir en OPAC |
No |